Statystyki dla Zmiany terytorialne po I wojnie światowej

Kliknij tutaj aby rozwiązać quiz!

Ogólne statystyki

  • Ten quiz został rozwiązany 838 razy
  • Średni wynik to 22 z 31

Statystyki odpowiedzi

HintOdpowiedź% Poprawnych
Uzyskało niepodległośćPolska
96%
Zdobyło tereny w Europie, Afryce
i na Bliskim Wschodzie
Francja
94%
Straciło tereny w Europie, Afryce, Azji i na OceaniiNiemcy
94%
Zdobyło tereny w Afryce i na Bliskim Wschodzie / Straciło tereny w EuropieWielka Brytania
90%
Straciło tereny w Europie WchodniejRosja
89%
Zdobyło Triest, Zadar, Tyrol Południowy,
i inne małe zdobycze terytorialne
Włochy
88%
Uzyskało niepodległośćAustria
85%
Uzyskało niepodległośćWęgry
85%
Uzyskało niepodległośćJugosławia
82%
Uzyskało niepodległośćCzechosłowacja
81%
Zdobyło tereny rozproszone na PacyfikuJaponia
78%
Zdobyło tereny w Europie WschodniejRumunia
77%
Zdobyło Szlezwik Północny (Nordschleswig)Dania
76%
Zdobyło Trację ZachodniąGrecja
76%
Uzyskało niepodległośćLitwa
76%
Uzyskało niepodległośćEstonia
75%
Uzyskało niepodległośćŁotwa
75%
Zdobyło Nową Gwineą i wyspy na PacyfikuAustralia
73%
Państwo które upadłoAustro-Węgry
73%
Uzyskało niepodległośćTurcja
72%
Straciło tereny na BałkanachBułgaria
71%
Zdobyło tereny w Afryce i EuropieBelgia
70%
Uzyskało niepodległośćFinlandia
67%
Straciło tereny na wybrzeżu PacyfikuChiny
63%
Państwa które się złączyłySerbia
55%
Państwo które upadłoImperium Osmańskie
54%
Zdobyło część SamoaNowa Zelandia
47%
Uzyskało niepodległośćIrlandia
41%
Państwa które się złączyłyCzarnogóra
36%
Zdobyło tereny w AfryceRepublika Południowej Afryki
36%
Uzyskało niepodległośćGdańsk
13%

Rozkład punktacji

Percentyl według liczby udzielonych odpowiedzi

Procent ludzi z każdym wynikiem

Twoja historia wyników

Nie rozwiązałeś tego quizu